| 000 | 00913cam a22002773a 4500 | ||
|---|---|---|---|
| 001 | 15132 | ||
| 003 | PGUSA | ||
| 005 | 20140828083326.0 | ||
| 008 | 050221s2005||||xxu|||||s|||||000 | eng d | ||
| 040 |
_aPGUSA _beng |
||
| 042 | _adc | ||
| 050 | 4 | _aE300 | |
| 100 | 1 |
_aBrown, William Wells, _d-1884 |
|
| 245 | 1 | 4 |
_aThe Narrative of William W. Brown, a Fugitive Slave _h[electronic resource] / _cWilliam Wells Brown |
| 260 |
_bProject Gutenberg, _c2005 |
||
| 506 | _aPublic domain in the USA. | ||
| 516 | _aElectronic text | ||
| 653 | _aAfrican Americans -- Biography | ||
| 653 | _aSlaves -- Missouri -- Biography | ||
| 653 | _aFugitive slaves -- United States -- Biography | ||
| 653 | _aSlaves -- United States -- Social conditions -- 19th century | ||
| 653 | _aBrown, William Wells, 1814?-1884 | ||
| 830 | 0 |
_aProject Gutenberg _v15132 |
|
| 856 | 4 | 0 | _uhttp://www.gutenberg.org/ebooks/15132 |
| 942 | _cEB | ||
| 999 |
_c244387 _d244387 |
||